| 000 | 00600nam a22002177a 4500 | ||
|---|---|---|---|
| 001 | 77363 | ||
| 003 | BD-RjUL | ||
| 005 | 20211209082949.0 | ||
| 008 | 200318s1967 enk||||| |||| 00| 0 eng d | ||
| 035 | _a(BD-RjUL)77588 | ||
| 040 |
_aBD-RjUL _beng _cBD-RjUL |
||
| 041 | _aeng | ||
| 082 |
_223 _a821.7 _bBAJ 1967 |
||
| 100 |
_aBate, Walter Jackson. _9241026 |
||
| 245 | 1 | 0 |
_aJohn Keats / _cWalter Jackson Bate. |
| 260 |
_aLondon : _bOxford University Press, _c1967 |
||
| 300 |
_a732 p.; _c21 cm. |
||
| 600 |
_aKeats, John, _d1795-1821 _9241029 |
||
| 650 |
_aPoets, English _9241028 |
||
| 942 |
_2ddc _cBK |
||
| 999 |
_c77363 _d77363 |
||